000 00375nam a2200133Ia 4500
008 220217s9999||||xx |||||||||||||| ||und||
020 _a81-7808-628-X
082 _a004.65 COY
100 _aCoyle, Frank, P
_92359
245 0 _aXML, web services and the data revolution
260 _aPearson education asia
_bDelhi
_c2002
300 _b325
650 _aCOMPUTER NETWORK
999 _c168885
_d168885